000 00780cab a22001935a 4500
001 L143926
008 080606s2008 xxk f 000 0 eng d
035 _a(Sirsi) u143926
041 0 _aeng
100 1 _aSutton Jeremy
245 0 0 _aSwindon
_b2008 will be a frustrating year
260 _c2008
490 _aProperty Forecast
_v11(5) May 2008, 6-7(2)
520 _aConsiders the Swindon office market. Predicts that 2008 could be frustrating due to the lack of Grade A stock, both in and out of town, to meet demand. Reviews the Swindon office market in 2007. Considers that 2008 should be an important year for regeneration in the town.
590 _aKA
651 4 _aSwindon
690 _aPROPERTY-COMMERCIAL PROPERTY-OFFICE PROPERTY-OFFICE PROPERTY MARKET
942 _n0
999 _c80310
_d80310